| 000 | 00459nam a2200193Ia 4500 | ||
|---|---|---|---|
| 005 | 20250425162650.0 | ||
| 008 | 250425s9999 xx 000 0 und d | ||
| 020 | _a9711007045 | ||
| 041 | _aeng | ||
| 043 | _aph | ||
| 082 | _a597.58 | ||
| 245 | 0 | _aADVANCES IN MILKFISH BIOLOGY AND CULTURE | |
| 250 | _aS.E | ||
| 260 |
_aFilipinas _bISLAND PUBLISHING HOUSE, INC. _c1984 |
||
| 300 | _a243 | ||
| 650 | _aPECES CULTIVO | ||
| 942 | _c01 | ||
| 010 | _a95269 | ||
| 999 |
_c233947 _d233947 |
||